008290000a2200241000450024500540000026000090005404400130006304100140007670000370009070000350012770000370016270000270019970000340022670000310026070000410029170000290033270000370036170000390039870000360043770000330047310000390050677300420054510aAves del municipio de Ibagué - Tolima, Colombia c2007 aColombia0 aEspañol1 aCarantón Ayala, Diego Andrés1 aSanabria Mejía, Jeyson Senen1 aBarrera Rodríguez, Luis Felipe1 aSierra Sierra, Adriana1 aMoreno Palacios, Miguel Cesar1 aYate Molina, Wilber Santos1 aFigueroa Martínez, William Enrique1 aDiaz Jaramillo, Carolina1 aFlórez Delgado, Vivian Tatiana1 aCertuche Cubillos, Jenny Katherine1 aLoaiza Hernández, Hugo Nelson1 aFlorido Cuellar, Bilma Adela1 aParra Hernández, Ronald Mauricio1 tBiota colombianah2q199-220d2007g8